| 000 | 00563cam a22002054a 4500 | ||
|---|---|---|---|
| 020 | _a1588260119 (pbk. : alk. paper) | ||
| 040 | _cDLC | ||
| 082 | 0 | 0 | _a909 L.R 2002 A100 Or. |
| 245 | 0 | 0 | _aIntroducing global issues / |
| 250 | _a2nd ed. | ||
| 260 |
_aBoulder, Colo. : _bL. Rienner Publishers, _cc2002. |
||
| 300 |
_aix, 341 p. : _bill., maps ; _c23 cm. |
||
| 650 | 0 | _aWorld politics | |
| 650 | 0 | _aInternational economic relations. | |
| 650 | 0 | _aSocial history | |
| 650 | 0 | _aEcology. | |
| 700 | 1 | _aSnarr, Michael T. | |
| 700 | 1 | _aSnarr, Neil, | |
| 942 | _cEK | ||
| 999 |
_c12897 _d12897 |
||